Govt. of
Madhya Pradesh

Border and Boundaries : Reflection on Indian partition (Record no. 63379)

MARC details
000 -LEADER
fixed length control field 00286nam a22001097a 4500
082 ## - DEWEY DECIMAL CLASSIFICATION NUMBER
Classification number 320
100 ## - MAIN ENTRY--AUTHOR NAME
Personal name Marwah, Col. T. N.
245 ## - TITLE STATEMENT
Title Border and Boundaries : Reflection on Indian partition
260 ## - PUBLICATION, DISTRIBUTION, ETC. (IMPRINT)
Place of publication Delhi
Name of publisher Gaurv Book Cetre
Year of publication 2017
650 ## - SUBJECT ADDED ENTRY--TOPICAL TERM
Topical Term Politics
942 ## - ADDED ENTRY ELEMENTS (KOHA)
Koha item type Books
Holdings
Withdrawn status Lost status Damaged status Not for loan Home library Current library Date acquired Cost, normal purchase price Full call number Accession Number Price effective from Koha item type
        MACL MACL 24/09/2020 1195.00 320 CRE037559 24/09/2020 Books